Principios de referencia : fuentes y servicios de consulta /

Obra en que se explica la función de la referencia en el campo de la biblioteconomía y como medio para la localización, evaluación, selección, y difusión de información en cualquier soporte físico. Con este fin, se explica qué es y cuáles son las características del servicio de referencia; se ofrece...

Полное описание

Сохранить в:
Библиографические подробности
Главный автор: Melnik, Diana (autor)
Другие авторы: Somma, Pablo A. (colaboración) (colaboración)
Формат:
Язык:испанский
Опубликовано: Buenos Aires, Argentina : Alfagrama, 2005, c2005
Серии:(Introducción a la Biblioteconomía)
Предметы:
Метки: Добавить метку
Нет меток, Требуется 1-ая метка записи!

MARC

LEADER 00000nam^a2200000^a^4500
001 000184732
005 20250521000000.0
009 20260310102126.748
020 |a 987-95615-9-7 
037 |a Acervo ITESO - Biblioteca 
041 |a ESP 
082 |a 025. 52  |b MEL 
100 |a Melnik, Diana  |e (autor) 
245 1 0 |a Principios de referencia :  |b fuentes y servicios de consulta /  |c D. Melnik ; colaboración de P.A. Somma. 
264 4 |a Buenos Aires, Argentina :  |b Alfagrama,  |c 2005, c2005 
300 |a 160 p. 
336 |a texto  |b txt  |2 rdacontenido 
337 |a sin mediación  |b n  |2 rdamedio 
338 |a volumen  |b nc  |2 rdasoporte 
440 1 |a (Introducción a la Biblioteconomía) 
520 |a Obra en que se explica la función de la referencia en el campo de la biblioteconomía y como medio para la localización, evaluación, selección, y difusión de información en cualquier soporte físico. Con este fin, se explica qué es y cuáles son las características del servicio de referencia; se ofrece una guía para el uso de los recursos que ofrecen las bibliotecas; se aborda la necesidad de lograr una comunicación efectiva; se explican las diversas fuentes de consulta y de referencia y se dan pautas para su acertada elección; y se indica cómo organizar el material y el servicio de referencia. 
649 |a XX 
650 |a Información -  |x Administración 
650 |a Usuarios de Bibliotecas (Necesidades de Información) 
650 |a Fuentes de Información 
650 |a Investigación -  |x Metodología 
650 |a Buscadores de Información 
650 |a Internet 
650 |a Sistemas de Información 
650 |a Tecnologías de Comunicación e Información 
650 |a Servicios de Referencia 
650 |a Biblioteconomía 
700 |a Somma, Pablo A.  |e (colaboración) 
910 |a Fondo General 
920 |a Impresos - Libros 
930 |a Obras de Referencia 
940 |a Biblioteconomía 
905 |a 102 
901 |a 0500125785  |b IT2  |c REF  |u 20250521 
901 |a 0500128613  |b IT2  |c REF  |u 20250521 
902 |a https://opac.biblio.iteso.mx/vufind/Record/000184732